[Event "Schwaben-ch"]
[Site "Sonthofen"]
[Date "2013.11.01"]
[Round "1.1"]
[White "Steinmueller, Harald"]
[Black "Lagasse, Pascal"]
[Result "0-1"]
[WhiteElo "1349"]
[BlackElo "1900"]
[PlyCount "102"]
[EventDate "2013.11.01"]
[EventType "swiss"]
[EventRounds "6"]
[EventCountry "GER"]
[SourceTitle "EXT 2022"]
[Source "ChessBase"]
[SourceDate "2021.10.06"]
[SourceVersion "1"]
[SourceVersionDate "2021.10.06"]
[SourceQuality "1"]

1. e4 c5 2. Nf3 d6 3. d4 cxd4 4. Nxd4 Nf6 5. Bd3 g6 6. c3 Bg7 7. Be3 0-0 8. 0-0 Nc6 9. Nd2 Ng4 10. Nxc6 bxc6 11. Qe2 Nxe3 12. Qxe3 Qc7 13. Nf3 a5 14. Rfd1 Ba6 15. Rab1 Rfb8 16. b3 c5 17. Bxa6 Rxa6 18. Qd3 Rab6 19. c4 Qb7 20. Qd5 Qxd5 21. exd5 a4 22. Rd3 Bh6 23. h4 Rb4 24. Re1 Kf8 25. g4 axb3 26. axb3 Rxb3 27. Rxb3 Rxb3 28. Kg2 Bg7 29. Ng5 h6 30. Ne4 Bd4 31. Re2 f5 32. gxf5 gxf5 33. Nd2 Rc3 34. Re6 Bf6 35. h5 Rc2 36. Nf3 Rxc4 37. Re2 Rc3 38. Re3 Rxe3 39. fxe3 Kf7 40. Kf2 e6 41. dxe6+ Kxe6 42. Nd2 d5 43. Kf3 c4 44. Nb1 Be7 45. Nc3 Bf6 46. Nb5 Bb2 47. Ke2 Ke5 48. Kd2 f4 49. exf4+ Kxf4 50. Nd6 Kg5 51. Ne8 Be5 0-1

[Event "Suedschwaben-ch"]
[Site "Sonthofen"]
[Date "2012.11.02"]
[Round "4.8"]
[White "Steinmueller, Harald"]
[Black "Martin, Paul"]
[Result "0-1"]
[WhiteElo "1381"]
[BlackElo "1257"]
[PlyCount "102"]
[EventDate "2012.11.01"]
[EventType "swiss"]
[EventRounds "7"]
[EventCountry "GER"]
[SourceTitle "EXT 2022"]
[Source "ChessBase"]
[SourceDate "2021.10.06"]
[SourceVersion "1"]
[SourceVersionDate "2021.10.06"]
[SourceQuality "1"]

1. e4 e5 2. Nf3 Nc6 3. Bc4 Bc5 4. d3 h6 5. c3 Nf6 6. h3 0-0 7. 0-0 d5 8. exd5 Nxd5 9. Re1 Re8 10. Bxd5 Qxd5 11. d4 Bd6 12. Nbd2 Bf5 13. c4 Qa5 14. Nb3 Qb4 15. c5 Bf8 16. Bd2 Qc4 17. Nxe5 Nxe5 18. dxe5 Bc2 19. Qf3 Bxb3 20. axb3 Qxc5 21. Qxb7 Reb8 22. Qf3 Qc2 23. Ba5 Qxb3 24. Qxb3 Rxb3 25. Rac1 Rxb2 26. Bxc7 a5 27. Bd6 a4 28. Rb1 a3 29. Kh2 Rxb1 30. Rxb1 a2 31. Ra1 Bxd6 32. exd6 Kf8 33. Kg3 Ke8 34. Kf4 Kd7 35. Ke5 Ra5+ 36. Kd4 Kxd6 37. Kc4 Ke5 38. Kd3 Kd5 39. Kc3 g5 40. f3 f6 41. Kb4 Ra8 42. Kc3 Ra7 43. Kd3 Ra3+ 44. Ke2 Kc4 45. Kd2 Kb3 46. Kc1 Kc3 47. g3 Ra4 48. f4 gxf4 49. gxf4 f5 50. h4 Rxf4 51. Rxa2 Rf1# 0-1